000 00599nam a2200169Ia 4500
008 090711s9999 xx 000 0 und d
082 _b76032
100 _aगुलाबराव महाराज
245 _aअलौकिक व्याख्यानमाला
260 _c1961
300 _a173
600 _aगुलाबराव महाराज
630 _aअलौकिक व्याख्यानमाला
700 _aगुलाबराव महाराज
730 _aअलौकिक व्याख्यानमाला
942 _cBOOK
999 _c286588
_d286588